Statistics for Musical Act from Picture #1

Click here to take the quiz!

General Stats

  • This quiz has been taken 34 times
  • The average score is 8 of 12

Answer Stats

Answer% Correct
The Beatles
100%
David Bowie
93%
Louis Armstrong
93%
U2
93%
Simon & Garfunkel
90%
ABBA
87%
Willie Nelson
80%
Harry Styles
77%
Ronnie James Dio
30%
REO Speedwagon
10%
Gloryhammer
3%
Nightwish
3%

Score Distribution

Percentile by Number Answered

Percent of People with Each Score

Your Score History

You have not taken this quiz